000 01015nam a2200289 i 4500
001 000022045
003 DO-SdBNP
005 20240925104756.0
007 ta
008 100916s1997 dr 000 0 spa d
040 _aDO-SdBNP
_bspa
_cBNPHU
_erda
049 _aBNPD
082 4 _bC531s
_222
100 1 _aChez Checo, José,
_d1949-
_910145
_eautor
_4aut.
245 1 3 _aEl sermón de Fray Antonio Montesino de 1511 y el inicio de la lucha por la igualdad de los hombres en América /
_cJosé Chez Checo.
264 1 _aSanto Domingo :
_bEditora Amigo del Hogar,
_c1997.
300 _a32 páginas ;
_c20 cm.
336 _atexto
_btxt
_2rdacontent
337 _asin mediación
_bn
_2rdamedia
338 _avolumen
_bnc
_2rdacarrier
490 1 _aHistoria total
_v5
500 _aIncluye referencias bibliográficas y notas al pie de las páginas
500 _aIncluye datos biográficos el autor en las solapas
504 _aBibliografía : páginas 29-32
590 _aInventariado, 2024/BT
942 _2ddc
_cLF2
999 _c21543
_d21543